000 01613nas a2200277Ia 4500
001 R050-S3689
003 IT-CnALBA
008 170116c99999999xx |||||||||||| ||und||
040 _aIT-CnALBA
_cIT-CnALBA
041 _aITALIANO
100 _aTETI GIOVANNA
210 _aVIA VERITÀ E VITA
222 _aVIA VERITÀ E VITA
245 0 _aVIA VERITÀ E VITA. MARZO APRILE 1999. RIVISTA MONOGRAFICA APPROFONDIMENTO PASTORALE CATECHISTICO.
250 _a1a ed.
260 _a ROMA
_bCENTRO CATECHISTICO PAOLINO
_c1999 [1° Ed.:1999 - Ed.Ling.Originale: 1999]
300 _a80 p.
310 _aBIMESTRALE
362 _aFascicolo: 172 / Anno: 48 (1999)
500 _aCATECHESI E PREGHIERA CRISTIANA. CATECHESI ORANTE. SITUAZIONE DI FATTO. PREGHIERA OGGI. SERRA A. INFALLIBILE. COLZANI G. L'ORANTE. CIRAVEGNA G. DIMENSIONE. RUSPI W. RAGGIUNTI DA DIO. SCAFFARDI M. C. GIOVANI ALLO SPECCHIO. LASCONI T. DIO AMICO. PAPA CON CUI PARLARE. CON I DISABILI. GIORNO DEL SIGNORE. OLITURGIA ORE. CATECHISTA ORANTE. NELLA MISSIONE ROMANA.
501 _aSocietà San Paolo EM - Piazza San Paolo, 14 - 12051 ALBA (CN) (non commercial uses only) ® Copyright 2017
520 _aCATECHESI E PREGHIERA CRISTIANA. CATECHESI ORANTE. SITUAZIONE DI FATTO. PREGHIERA OGGI. SERRA A. INFALLIBILE. COLZANI G. L'ORANTE. CIRAVEGNA G. DIMENSIONE. RUSPI W. RAGGIUNTI DA DIO. SCAFFARDI M. C. GIOVANI ALLO SPECCHIO. LASCONI T. DIO AMICO. PAPA CON CUI PARLARE. CON I DISABILI. GIORNO DEL SIGNORE. OLITURGIA ORE. CATECHISTA ORANTE. NELLA MISSIONE ROMANA.
650 _aTEOLOGIA PASTORALE - CATECHESI
942 _cCR
957 _71
999 _a65579
_bNO
_g1
_c332275
_d332275